<?xml version="1.0" encoding="UTF-8"?>
<marc:record xmlns:marc="http://www.loc.gov/MARC21/slim">
   <marc:leader>00000nam a2200000 a 4500</marc:leader>
   <marc:datafield ind1="1" ind2=" " tag="100">
      <marc:subfield code="a">Taylor, Victoria</marc:subfield>
      <marc:subfield code="4">aut</marc:subfield>
      <marc:subfield code="e">Verfasser/-in</marc:subfield>
   </marc:datafield>
   <marc:datafield ind1="1" ind2=" " tag="100">
      <marc:subfield code="a">March, Julia</marc:subfield>
      <marc:subfield code="4">aut</marc:subfield>
      <marc:subfield code="e">Verfasser/-in</marc:subfield>
   </marc:datafield>
   <marc:datafield ind1="0" ind2="0" tag="245">
      <marc:subfield code="a">Marvel Avengers - die Superhelden retten die Welt</marc:subfield>
   </marc:datafield>
   <marc:datafield ind1="0" ind2="0" tag="245">
      <marc:subfield code="c">Taylor, Victoria</marc:subfield>
   </marc:datafield>
   <marc:datafield ind1=" " ind2="1" tag="264">
      <marc:subfield code="a">München</marc:subfield>
      <marc:subfield code="b">Dorling Kindersley</marc:subfield>
      <marc:subfield code="c">2022</marc:subfield>
   </marc:datafield>
   <marc:datafield ind1="1" ind2=" " tag="490">
      <marc:subfield code="a">DK Superleser! - Leseprofis</marc:subfield>
   </marc:datafield>
   <marc:datafield ind1=" " ind2=" " tag="250">
      <marc:subfield code="a">1. Auflage</marc:subfield>
   </marc:datafield>
   <marc:datafield ind1="1" ind2=" " tag="520">
      <marc:subfield code="a">Lesen üben mit den MARVEL-Superhelden&#xD;
Auf in ein neues Abenteuer mit den Avengers! In diesem SUPERLESER!-Erstlesebuch treffen die Leser*innen ihre Lieblingshelden und lernen Spannendes über Captain America, Iron Man, Hulk und Co. Obendrauf gibt es eine Übersicht über die wichtigsten Gegner und Kämpfe, sowie coole Original-Comic-Illustrationen. Ein heldenhaftes MARVEL-Buch für Erstleser*innen, mit viel Lesefutter und spannendem Sachwissen für fortgeschrittene Bücherwürmer.&#xD;
&#xD;
Buch zur Leseförderung ab der 2./3. Klasse (Lesestufe Leseprofis)&#xD;
Dieses Erstlesebuch über die beliebten Stars der MARVEL Avengers eignet sich mit 96 Seiten, informativen Sachtexten und Fibelschrift perfekt zur Leseförderung. Ein praktisches Lesebändchen und ein übersichtliches Glossar zum Nachschlagen der Wörter erleichtern die Leseübung – und mit dem Mix aus Erzählung und Sachwissen zu Schauplätzen, Kräften und Kämpfen, kniffligem Quiz und tollen Extras macht Lesen üben gleich dreimal so viel Spaß!</marc:subfield>
   </marc:datafield>
   <marc:datafield ind1=" " ind2=" " tag="020">
      <marc:subfield code="a">9783831044986</marc:subfield>
      <marc:subfield code="9">9783831044986</marc:subfield>
   </marc:datafield>
   <marc:datafield ind1=" " ind2=" " tag="041">
      <marc:subfield code="a">ger</marc:subfield>
   </marc:datafield>
   <marc:datafield ind1="1" ind2=" " tag="521">
      <marc:subfield code="a">Ab 8 Jahren</marc:subfield>
   </marc:datafield>
   <marc:datafield ind1=" " ind2=" " tag="338">
      <marc:subfield code="a">Nicht spezifiziert</marc:subfield>
   </marc:datafield>
   <marc:datafield ind1=" " ind2=" " tag="300">
      <marc:subfield code="a">96 Seiten</marc:subfield>
   </marc:datafield>
</marc:record>
